00527cam a2200133 a 4500020001700000040000800017082002600025245016200051260006200213300003500275490002200310650004300332700001800375 a2908912155 : cDLC00a303 PRE 1994 A011 Or.02aL'Espagne et la France à l'époque de la Révolution française (1793-1807) :bactes du colloque organisé à Perpignan les 1er, 2 et 3 octobre 1992 / aPerpignan :bPresses universitaires de Perpignan,cc1994. a421 p. :bill., maps ;c24 cm.1 aCollection Etudes 0aFirst Coalition, War of the, 1792-17971 aSagnes, Jean.